Direct Methods in the Calculus of Variations

This book studies vectorial problems in the calculus of variations and quasiconvex analysis. It is a new edition of the earlier book published in 1989 and has been updated with some new material and examples added. This monograph will appeal to researchers and graduate students in mathematics and en...

Full description

Main Author: Dacorogna, Bernard. (Author, http://id.loc.gov/vocabulary/relators/aut)
Corporate Author: SpringerLink (Online service)
Language:English
Published: New York, NY : Springer New York : Imprint: Springer, 2008.
Edition:2nd ed. 2008.
Series:Applied Mathematical Sciences, 78
Subjects:
Online Access:https://doi.org/10.1007/978-0-387-55249-1
LEADER 03006nam a22004935i 4500
001 978-0-387-55249-1
003 DE-He213
005 20210706072305.0
007 cr nn 008mamaa
008 100301s2008 xxu| s |||| 0|eng d
020 |a 9780387552491  |9 978-0-387-55249-1 
024 7 |a 10.1007/978-0-387-55249-1  |2 doi 
050 4 |a QA370-380 
072 7 |a PBKJ  |2 bicssc 
072 7 |a MAT007000  |2 bisacsh 
072 7 |a PBKJ  |2 thema 
082 0 4 |a 515.353  |2 23 
100 1 |a Dacorogna, Bernard.  |e author.  |4 aut  |4 http://id.loc.gov/vocabulary/relators/aut 
245 1 0 |a Direct Methods in the Calculus of Variations  |h [electronic resource] /  |c by Bernard Dacorogna. 
250 |a 2nd ed. 2008. 
264 1 |a New York, NY :  |b Springer New York :  |b Imprint: Springer,  |c 2008. 
300 |a XII, 622 p.  |b online resource. 
336 |a text  |b txt  |2 rdacontent 
337 |a computer  |b c  |2 rdamedia 
338 |a online resource  |b cr  |2 rdacarrier 
347 |a text file  |b PDF  |2 rda 
490 1 |a Applied Mathematical Sciences,  |x 0066-5452 ;  |v 78 
505 0 |a Convex analysis and the scalar case -- Convex sets and convex functions -- Lower semicontinuity and existence theorems -- The one dimensional case -- Quasiconvex analysis and the vectorial case -- Polyconvex, quasiconvex and rank one convex functions -- Polyconvex, quasiconvex and rank one convex envelopes -- Polyconvex, quasiconvex and rank one convex sets -- Lower semi continuity and existence theorems in the vectorial case -- Relaxation and non-convex problems -- Relaxation theorems -- Implicit partial differential equations -- Existence of minima for non-quasiconvex integrands -- Miscellaneous -- Function spaces -- Singular values -- Some underdetermined partial differential equations -- Extension of Lipschitz functions on Banach spaces. 
520 |a This book studies vectorial problems in the calculus of variations and quasiconvex analysis. It is a new edition of the earlier book published in 1989 and has been updated with some new material and examples added. This monograph will appeal to researchers and graduate students in mathematics and engineering. 
650 0 |a Partial differential equations. 
650 0 |a Calculus of variations. 
650 1 4 |a Partial Differential Equations.  |0 https://scigraph.springernature.com/ontologies/product-market-codes/M12155 
650 2 4 |a Calculus of Variations and Optimal Control; Optimization.  |0 https://scigraph.springernature.com/ontologies/product-market-codes/M26016 
710 2 |a SpringerLink (Online service) 
773 0 |t Springer Nature eBook 
776 0 8 |i Printed edition:  |z 9780387357799 
776 0 8 |i Printed edition:  |z 9780387514901 
776 0 8 |i Printed edition:  |z 9781441922595 
830 0 |a Applied Mathematical Sciences,  |x 0066-5452 ;  |v 78 
856 4 0 |u https://doi.org/10.1007/978-0-387-55249-1 
912 |a ZDB-2-SMA 
912 |a ZDB-2-SXMS 
950 |a Mathematics and Statistics (SpringerNature-11649) 
950 |a Mathematics and Statistics (R0) (SpringerNature-43713)